000 00368 a2200145 4500
003 Nust
005 20230130124936.0
040 _cNust
082 _a920,LIN
100 _aLiinton,Lynn
_9108042
245 _aThe Autobiography of Christopher Kirkland /
_cLynn Linton
260 _aLondon
_bRichard Bentley
_c1885
650 _a Autobiography
_9107439
942 _2ddc
_cBK
999 _c187103
_d187103